Less Familiar Elements (Record no. 15496)

MARC details
000 -LEADER
fixed length control field 00391nam a2200133Ia 4500
008 - FIXED-LENGTH DATA ELEMENTS--GENERAL INFORMATION
fixed length control field 211109s9999||||xx |||||||||||||| ||und||
082 ## - DEWEY DECIMAL CLASSIFICATION NUMBER
Classification number 540
Item number HOP-L
100 ## - MAIN ENTRY--PERSONAL NAME
Personal name Hopkins, B S
245 #0 - TITLE STATEMENT
Title Less Familiar Elements
260 ## - PUBLICATION, DISTRIBUTION, ETC.
Name of publisher, distributor, etc. Stipes Publishing
Place of publication, distribution, etc. Illinois
Date of publication, distribution, etc. 2000
630 ## - SUBJECT ADDED ENTRY--UNIFORM TITLE
General subdivision General Stack
650 ## - SUBJECT ADDED ENTRY--TOPICAL TERM
Topical term or geographic name entry element Natural sciences & mathematics
942 ## - ADDED ENTRY ELEMENTS (KOHA)
Koha item type BOOK
650 ## - SUBJECT ADDED ENTRY--TOPICAL TERM
Form subdivision Chemistry & allied sciences
General subdivision Chemistry
Holdings
Withdrawn status Lost status Damaged status Not for loan Home library Current library Date acquired Cost, normal purchase price Total Checkouts Full call number Barcode Shelving location Date last seen Price effective from Koha item type
        SB LIBRARY SB LIBRARY 09/11/2021 100.00   540 HOP-L 00016105 GENERAL STACK 09/11/2021 09/11/2021 BOOK

Powered by Koha